| 000 | 00413nam a2200157Ia 4500 | ||
|---|---|---|---|
| 005 | 20250509035838.0 | ||
| 008 | 240331s9999 xx 000 0 und d | ||
| 020 | _a9559529021 | ||
| 082 |
_a060 _bCLA |
||
| 100 | _aClark, A | ||
| 245 | 0 | _a2010 Abyavakash Weera Charikawa | |
| 260 |
_aNew York _bBellantine books _c1991 |
||
| 300 | _a235 p ., | ||
| 500 | _a2010 - A Space Odyssey (Sinhala Translation) | ||
| 942 | _cL | ||
| 999 |
_c1305 _d1305 |
||